|
|
|
|
| LEADER |
01079nam a22002297a 4500 |
| 001 |
30652 |
| 003 |
BD-DhAAL |
| 005 |
20160121102838.0 |
| 008 |
160121s1997 bg ||||| |||| 00| 0 ben d |
| 040 |
|
|
|a BD-DhAAL
|c BD-DhAAL
|
| 082 |
|
|
|2 22
|a 307.1412095492
|
| 245 |
|
|
|a ব্র্যাক-বিডিপি কৃষি সম্প্রসারণ কর্মসূচী :
|b শাক-সবজি চাষ ও ব্যবস্থাপনা
|
| 260 |
|
|
|a ঢাকা :
|b ব্র্যাক,
|c ১৯৯৭
|
| 300 |
|
|
|a ৮২ পৃ. :
|b চিত্র ;
|c ৩০ সে. মি.
|
| 541 |
|
|
|e 30652
|
| 610 |
|
|
|a BRAC
|9 17487
|
| 650 |
|
|
|a Rural development
|z Bangladesh
|9 17488
|
| 710 |
|
|
|a ব্র্যাক
|9 17489
|
| 852 |
|
|
|a Ayesha Abed Library
|c BRAC Resource Section
|
| 942 |
|
|
|2 ddc
|c BK
|
| 999 |
|
|
|c 36655
|d 36655
|
| 952 |
|
|
|0 0
|1 0
|2 ddc
|4 0
|6 307_141209549200000_BRA
|7 1
|9 57661
|a BRACUL
|b BRACUL
|c BRS
|d 2016-01-21
|e Complimentary copy from BRAC
|l 0
|o 307.1412095492 BRA
|p 3010030652
|r 2016-01-21
|t 1
|w 2016-01-21
|y BK
|x Complimentary copy from BRAC; Price not available in register.
|